[Event "Pushchino autumn 2013"]
[Site "Pushchino"]
[Date "2013.11.28"]
[Round "5.8"]
[White "Usacheva, Glafira"]
[Black "Azimova, Karina"]
[Result "0-1"]
[WhiteElo "1528"]
[BlackElo "2094"]
[PlyCount "66"]
[EventDate "2013.11.24"]

1. e4 Nf6 2. e5 Nd5 3. d4 d6 4. c4 Nb6 5. exd6 cxd6 6. Nf3 g6 7. b3 Bg7 8. Bb2
Nc6 9. Be2 Bg4 10. O-O O-O 11. Re1 e6 12. Nbd2 Bxf3 13. Nxf3 d5 14. c5 Nd7 15.
a3 Nxc5 16. a4 Ne4 17. Ba3 Re8 18. Rc1 Qb6 19. Bc5 Nxc5 20. dxc5 Qb4 21. Bb5
Rac8 22. Bxc6 Rxc6 23. Re2 Rec8 24. Rb1 Rxc5 25. h3 Qf4 26. Re1 Rc2 27. Qd3 a6
28. b4 R8c3 29. Qd1 d4 30. b5 axb5 31. Rxb5 Rc1 32. Qe2 d3 33. Qb2 d2 0-1

[Event "Pushchino autumn 2013"]
[Site "Pushchino"]
[Date "2013.11.27"]
[Round "4.2"]
[White "Charochkina, Daria"]
[Black "Schepetkova, Margarita"]
[Result "1-0"]
[WhiteElo "2337"]
[BlackElo "2252"]
[PlyCount "71"]
[EventDate "2013.11.24"]

1. e4 c6 2. d4 d5 3. e5 c5 4. dxc5 Nc6 5. Nf3 Bg4 6. c3 e6 7. Be3 Bxf3 8. Qxf3
Nxe5 9. Bb5+ Nc6 10. O-O Nf6 11. c4 Rc8 12. Rd1 a6 13. Ba4 Qa5 14. Nc3 dxc4 15.
Bd4 Bxc5 16. Bxf6 gxf6 17. Qxf6 Rg8 18. Bxc6+ Rxc6 19. Rd7 Rxg2+ 20. Kxg2 Kxd7
21. Rd1+ Rd6 22. Qxf7+ Kc6 23. Qe8+ Kc7 24. Qf7+ Kb8 25. Qf8+ Kc7 26. Qf4 Kd7
27. Re1 Bd4 28. Ne4 e5 29. Qf7+ Kc6 30. Qxc4+ Kb6 31. Qb3+ Kc7 32. Qf7+ Kb6 33.
Nxd6 Qxe1 34. Qxb7+ Kc5 35. Ne4+ Kc4 36. Qb3# 1-0

[Event "Pushchino autumn 2013"]
[Site "Pushchino"]
[Date "2013.11.27"]
[Round "4.4"]
[White "Ovod, Evgenija"]
[Black "Zherebtsova, Alexandra"]
[Result "1-0"]
[WhiteElo "2378"]
[BlackElo "2081"]
[PlyCount "99"]
[EventDate "2013.11.24"]

1. Nf3 Nf6 2. c4 c6 3. Nc3 d5 4. e3 e6 5. b3 Bd6 6. Bb2 O-O 7. Qc2 Nbd7 8. Be2
Re8 9. Rg1 e5 10. g4 Nc5 11. cxd5 Nxd5 12. Nxd5 cxd5 13. Nxe5 Ne4 14. Nf3 Be6
15. Bd4 Qa5 16. a3 Rac8 17. Qb2 Bf8 18. h4 Re7 19. b4 Qa4 20. Bd1 Qa6 21. a4 b6
22. h5 Rec7 23. h6 gxh6 24. g5 h5 25. Ne5 Nd6 26. b5 Qb7 27. Nc6 Nc4 28. Qb3
Na5 29. Nxa5 bxa5 30. Bxh5 Rc4 31. Qd3 Rxd4 32. exd4 Re8 33. Kf1 Qd7 34. Rg3
Bf5 35. Qf3 Re4 36. Re1 Rh4 37. Re5 Be4 38. Bg4 Qc7 39. Qc3 Qd8 40. f3 Bg6 41.
Qc6 Rh1+ 42. Rg1 Rh2 43. Rg2 Rh1+ 44. Ke2 Ra1 45. f4 Be4 46. Rg3 Qd6 47. Rc3
Qb4 48. Re8 Qxd4 49. Rxf8+ Kxf8 50. Qh6+ 1-0

[Event "Pushchino autumn 2013"]
[Site "Pushchino"]
[Date "2013.11.27"]
[Round "4.5"]
[White "Mirzoeva, Elmira"]
[Black "Ubiennykh, Ekaterina"]
[Result "1-0"]
[WhiteElo "2248"]
[BlackElo "2340"]
[PlyCount "113"]
[EventDate "2013.11.24"]

1. d4 Nf6 2. c4 e6 3. Nf3 b6 4. g3 Ba6 5. Qc2 Bb4+ 6. Bd2 Be7 7. e4 d5 8. cxd5
Bxf1 9. Kxf1 exd5 10. e5 Ne4 11. Nc3 Nxc3 12. bxc3 Nc6 13. Kg2 Qd7 14. c4 Nd8
15. Rac1 Ne6 16. cxd5 Qxd5 17. Qc6+ Qxc6 18. Rxc6 O-O-O 19. Rhc1 Kb7 20. Be3
Rd5 21. Nd2 Rc8 22. Nb3 Ba3 23. R1c2 a5 24. R6c4 Ra8 25. Kf3 a4 26. Nd2 b5 27.
Ke4 Rad8 28. Rc6 Nxd4 29. Rxc7+ Kb8 30. Rc8+ Rxc8 31. Rxc8+ Kxc8 32. Kxd5 Nc2
33. Bc5 Bxc5 34. Kxc5 b4 35. Nb1 Kd7 36. Kb5 b3 37. a3 b2 38. Kxa4 Kc6 39. Kb3
Nd4+ 40. Kxb2 Nf3 41. h3 Kc5 42. Kc3 Ng5 43. Kd3 Nxh3 44. Ke3 Ng5 45. f4 Ne6
46. Ke4 Nd4 47. Nd2 g6 48. Nf3 Ne2 49. Ng5 Nxg3+ 50. Kf3 Nf5 51. Nxh7 Nd4+ 52.
Ke4 Nb5 53. Ng5 f5+ 54. exf6 Kd6 55. f5 gxf5+ 56. Kxf5 Nxa3 57. f7 1-0

[Event "Pushchino autumn 2013"]
[Site "Pushchino"]
[Date "2013.11.27"]
[Round "4.6"]
[White "Azimova, Karina"]
[Black "Baraeva, Marina"]
[Result "0-1"]
[WhiteElo "2094"]
[BlackElo "2136"]
[PlyCount "60"]
[EventDate "2013.11.24"]

1. e4 e6 2. Nf3 d5 3. Nc3 Nf6 4. exd5 exd5 5. d4 Bg4 6. h3 Bh5 7. g4 Bg6 8. Ne5
Bd6 9. Bd3 Bxd3 10. Qxd3 c6 11. O-O O-O 12. Bg5 Be7 13. Rae1 Nbd7 14. Qf5 Nxe5
15. Rxe5 Qc7 16. Rfe1 Bd8 17. Bf4 Qb6 18. g5 g6 19. Qd3 Nh5 20. Bh2 Bc7 21. Re7
Bxh2+ 22. Kxh2 Nf4 23. Qf3 Qxd4 24. Ne2 Nxe2 25. R1xe2 Qxb2 26. Rc7 Rac8 27.
Rd7 Rcd8 28. Rc7 Qb6 29. Ree7 Rde8 30. Rxf7 Qxc7+ 0-1

[Event "Pushchino autumn 2013"]
[Site "Pushchino"]
[Date "2013.11.27"]
[Round "4.7"]
[White "Fomkina, Maria G"]
[Black "Dyakonova, Ekaterina"]
[Result "0-1"]
[WhiteElo "1906"]
[BlackElo "1928"]
[PlyCount "58"]
[EventDate "2013.11.24"]

1. e4 c6 2. d4 d5 3. exd5 cxd5 4. Bd3 Nc6 5. c3 Nf6 6. Ne2 Bg4 7. f3 Bh5 8. Nf4
Bg6 9. Nxg6 hxg6 10. Bf4 e6 11. Qd2 Bd6 12. Na3 a6 13. Bxd6 Qxd6 14. g3 Nh5 15.
O-O-O b5 16. Nc2 Rb8 17. Kb1 O-O 18. g4 Nf4 19. h4 b4 20. Nxb4 Nxb4 21. cxb4
Rxb4 22. Bxa6 Rfb8 23. Rh2 Rxb2+ 24. Qxb2 Rxb2+ 25. Rxb2 Qxa6 26. Rb8+ Kh7 27.
g5 Qa7 28. Rf8 Ne2 29. Rd3 Qe7 0-1

[Event "Pushchino autumn 2013"]
[Site "Pushchino"]
[Date "2013.11.27"]
[Round "4.8"]
[White "Baraeva, Irina"]
[Black "Usacheva, Glafira"]
[Result "1-0"]
[WhiteElo "2211"]
[BlackElo "1528"]
[PlyCount "117"]
[EventDate "2013.11.24"]

1. d4 d5 2. Nf3 Nf6 3. c4 c6 4. Nc3 dxc4 5. a4 Bf5 6. e3 e6 7. Bxc4 Be7 8. O-O
Nbd7 9. Re1 O-O 10. e4 Bg6 11. Bf4 Bb4 12. Qc2 h6 13. Rad1 Bxc3 14. bxc3 Nxe4
15. Rxe4 Bxe4 16. Qxe4 Qa5 17. Qc2 Nb6 18. Bb3 Nd5 19. Bd2 Qc7 20. c4 Nf6 21.
Bc3 Rac8 22. Ba2 Nh5 23. Bb1 g6 24. Qc1 g5 25. Qe3 Ng7 26. h4 Qf4 27. Qd3 Nf5
28. Bd2 Qg4 29. hxg5 hxg5 30. Bxg5 f6 31. Be3 Rc7 32. Nh2 Qh4 33. Nf3 Qh5 34.
Qe4 Rh7 35. Qxe6+ Kh8 36. Kf1 Nxe3+ 37. Qxe3 Re8 38. Qf4 Qh1+ 39. Ng1 Rg7 40.
Qf3 Reg8 41. Rd3 Qh6 42. Qh3 Rh7 43. Qxh6 Rxh6 44. g3 Re8 45. Rd2 Rh1 46. d5
Rd8 47. d6 Rh5 48. d7 Kg7 49. g4 Rc5 50. Bf5 Rxc4 51. Re2 Rxa4 52. Re8 Rxd7 53.
Bxd7 Ra1+ 54. Kg2 c5 55. Be6 b5 56. Rc8 a5 57. Rxc5 b4 58. Rb5 Re1 59. Bb3 1-0

[Event "Pushchino autumn 2013"]
[Site "Pushchino"]
[Date "2013.11.26"]
[Round "3.1"]
[White "Tarasova, Viktoriya"]
[Black "Belenkaya, Dina"]
[Result "0-1"]
[WhiteElo "2286"]
[BlackElo "2227"]
[PlyCount "86"]
[EventDate "2013.11.24"]

1. d4 d5 2. c4 dxc4 3. Nf3 Nf6 4. e3 e6 5. Bxc4 c5 6. O-O a6 7. Bb3 cxd4 8.
exd4 Be7 9. Qe2 O-O 10. Rd1 Nc6 11. Nc3 Na5 12. Bc2 b5 13. Bg5 Bb7 14. Ne5 Rc8
15. Rac1 Nc4 16. Nxc4 Rxc4 17. Qd3 g6 18. Bb3 Rc8 19. Bh6 Re8 20. d5 exd5 21.
Nxd5 Bxd5 22. Rxc8 Qxc8 23. Bxd5 Rd8 24. Qb3 Nxd5 25. Rxd5 Rxd5 26. Qxd5 Bf8
27. Bg5 Qc2 28. g3 Qxb2 29. Kg2 a5 30. Qa8 Qb4 31. Bh6 a4 32. Qb8 Qd6 33. Qe8
Qe7 34. Qa8 a3 35. h4 b4 36. Kh2 Qc5 37. Kg2 f6 38. Qe8 Qe7 39. Qa8 Qd6 40. Bf4
Qc5 41. Be3 Qh5 42. Qe8 Qd5+ 43. Kh2 Qxa2 0-1

[Event "Pushchino autumn 2013"]
[Site "Pushchino"]
[Date "2013.11.26"]
[Round "3.3"]
[White "Ubiennykh, Ekaterina"]
[Black "Schepetkova, Margarita"]
[Result "1/2-1/2"]
[WhiteElo "2340"]
[BlackElo "2252"]
[PlyCount "91"]
[EventDate "2013.11.24"]

1. d4 d5 2. c4 c6 3. Nf3 Nf6 4. Nc3 a6 5. c5 Bf5 6. Bf4 Nh5 7. e3 Nxf4 8. exf4
g6 9. Ne5 Bg7 10. g4 Bc8 11. Rg1 Qc7 12. Qe2 O-O 13. O-O-O Nd7 14. g5 f6 15.
gxf6 Rxf6 16. Bh3 Nf8 17. Bxc8 Rxc8 18. Qe3 Rf5 19. Rg5 Rxg5 20. fxg5 Bxe5 21.
dxe5 Ne6 22. Ne2 Rf8 23. Kb1 Rf5 24. f4 Qa5 25. Nd4 Nxd4 26. Qxd4 Qb5 27. Re1
a5 28. a4 Qb3 29. Re3 Qc4 30. Qxc4 dxc4 31. Re4 Rf8 32. Kc2 Rd8 33. Kc3 Rd1 34.
Rxc4 Kf7 35. Kc2 Rd5 36. b4 axb4 37. Kb3 Rd3+ 38. Kxb4 Ke6 39. Ka5 Kd5 40. Rb4
Kxc5 41. Rxb7 Rd8 42. Ra7 Rb8 43. h3 e6 44. Ka6 Rb6+ 45. Ka5 Rb8 46. Ka6
1/2-1/2

[Event "Pushchino autumn 2013"]
[Site "Pushchino"]
[Date "2013.11.26"]
[Round "3.4"]
[White "Baraeva, Marina"]
[Black "Charochkina, Daria"]
[Result "0-1"]
[WhiteElo "2136"]
[BlackElo "2337"]
[PlyCount "84"]
[EventDate "2013.11.24"]

1. d4 Nf6 2. c4 e6 3. Nc3 Bb4 4. Qc2 O-O 5. e4 d5 6. e5 Ne4 7. Bd3 c5 8. Nge2
cxd4 9. Nxd4 Nd7 10. Bf4 Ndc5 11. O-O Bxc3 12. bxc3 Bd7 13. f3 Nxd3 14. Qxd3
Nc5 15. Qe2 dxc4 16. Qxc4 Rc8 17. Rac1 Qa5 18. Qe2 Na4 19. Bd2 Qd5 20. Rc2 b5
21. Nb3 Rc4 22. Rd1 Qa8 23. Na5 Rc7 24. Rdc1 Nb6 25. c4 bxc4 26. Bb4 Re8 27.
Bd6 Rcc8 28. Nxc4 Rxc4 29. Rxc4 Bb5 30. Qe4 Bxc4 31. Rxc4 Nxc4 32. Qxc4 Rc8 33.
Qb3 Qc6 34. h4 Qc1+ 35. Kh2 Qf4+ 36. Kh3 Qh6 37. Qd3 Rc1 38. g3 Rh1+ 39. Kg2
Qc1 40. f4 Qc6+ 41. Kf2 Rh2+ 42. Ke3 Rg2 0-1

[Event "Pushchino autumn 2013"]
[Site "Pushchino"]
[Date "2013.11.26"]
[Round "3.5"]
[White "Mirzoeva, Elmira"]
[Black "Zherebtsova, Alexandra"]
[Result "1/2-1/2"]
[WhiteElo "2248"]
[BlackElo "2081"]
[PlyCount "38"]
[EventDate "2013.11.24"]

1. d4 Nf6 2. c4 e5 3. dxe5 Ng4 4. Nf3 Bc5 5. e3 Nc6 6. Be2 O-O 7. O-O Ncxe5 8.
Nxe5 Nxe5 9. Nc3 Re8 10. b3 a5 11. Bb2 Ra6 12. Nd5 Rh6 13. g3 d6 14. f4 Nc6 15.
Bf3 Bf5 16. a3 Ne7 17. Bd4 Nxd5 18. Bxd5 c6 19. Bf3 Qb6 1/2-1/2

[Event "Pushchino autumn 2013"]
[Site "Pushchino"]
[Date "2013.11.26"]
[Round "3.6"]
[White "Azimova, Karina"]
[Black "Rodionova, Polina"]
[Result "0-1"]
[WhiteElo "2094"]
[BlackElo "2095"]
[PlyCount "62"]
[EventDate "2013.11.24"]

1. e4 e5 2. Nf3 Nc6 3. Bb5 Nge7 4. c3 d5 5. Nxe5 dxe4 6. Qa4 Qd5 7. Nxc6 Nxc6
8. Bxc6+ Qxc6 9. Qxc6+ bxc6 10. b3 a5 11. O-O Ba6 12. c4 O-O-O 13. Bb2 f5 14.
Rd1 Rd7 15. Nc3 Bb4 16. Na4 Rhd8 17. d4 exd3 18. a3 Bf8 19. Bc3 c5 20. Bxa5 Kb7
21. Bc3 Rb8 22. Nb2 Ka7 23. b4 cxb4 24. axb4 Bxb4 25. Bxb4 Rxb4 26. Nxd3 Rxc4
27. Rxa6+ Kxa6 28. Ra1+ Kb7 29. Rb1+ Kc8 30. Ne5 Rb4 31. Ra1 Rd2 0-1

[Event "Pushchino autumn 2013"]
[Site "Pushchino"]
[Date "2013.11.26"]
[Round "3.7"]
[White "Dyakonova, Ekaterina"]
[Black "Baraeva, Irina"]
[Result "1-0"]
[WhiteElo "1928"]
[BlackElo "2211"]
[PlyCount "117"]
[EventDate "2013.11.24"]

1. e4 e6 2. d4 d5 3. e5 c5 4. c3 Bd7 5. Nf3 Nc6 6. a3 Nge7 7. b4 cxd4 8. cxd4
Nf5 9. Bb2 b5 10. Nc3 Qb6 11. Bxb5 Nxe5 12. dxe5 Bxb5 13. Nxb5 Qxb5 14. Qe2 Qb6
15. g4 Ne7 16. Bd4 Qb7 17. Bc5 g6 18. Nd4 Bg7 19. Nb5 O-O 20. O-O Qd7 21. Rac1
Rfc8 22. f4 Nc6 23. Nd6 Rcb8 24. h4 a6 25. Rce1 Qc7 26. Qf2 Qd7 27. Re2 Kh8 28.
Rfe1 Rg8 29. Kh1 Bf8 30. Rd2 Rg7 31. Qh2 Nd8 32. Ne4 Bxc5 33. Nxc5 Qb5 34. Rb2
a5 35. Qe2 Qb6 36. Rc1 axb4 37. Rxb4 Qc7 38. Qb2 Nc6 39. Rb7 Qd8 40. g5 Na5 41.
Rd7 Qc8 42. Qb5 Nc4 43. Nb7 Qe8 44. a4 Nb6 45. Rdc7 Nxa4 46. Qxe8+ Rxe8 47. Nd6
Rf8 48. Rb1 f5 49. Rbb7 Rxc7 50. Rxc7 Kg8 51. Re7 Nc5 52. Ne8 Ne4 53. Nf6+ Nxf6
54. gxf6 Rd8 55. Rxe6 Rc8 56. Rd6 Rc4 57. e6 h5 58. f7+ Kg7 59. Rd8 1-0

[Event "Pushchino autumn 2013"]
[Site "Pushchino"]
[Date "2013.11.26"]
[Round "3.8"]
[White "Usacheva, Glafira"]
[Black "Fomkina, Maria G"]
[Result "1/2-1/2"]
[WhiteElo "1528"]
[BlackElo "1906"]
[PlyCount "208"]
[EventDate "2013.11.24"]

1. e4 e5 2. Nf3 Nc6 3. Bc4 d6 4. c3 Bg4 5. d3 Nf6 6. Bb3 Be7 7. O-O O-O 8. h3
Bh5 9. Nbd2 d5 10. Qe2 dxe4 11. dxe4 Bc5 12. Rd1 Qe7 13. Nf1 Rad8 14. Bd2 Kh8
15. Ng3 Bg6 16. Nh4 Ng8 17. Nhf5 Bxf5 18. Nxf5 Qf6 19. Qg4 h6 20. h4 Na5 21.
Be3 Nxb3 22. axb3 Bxe3 23. Nxe3 a6 24. Nd5 Qc6 25. Qg3 Rfe8 26. Re1 Nf6 27. c4
Nxd5 28. exd5 Qd6 29. Rad1 f6 30. Qe3 b6 31. Ra1 a5 32. Red1 f5 33. c5 Qf6 34.
cxb6 cxb6 35. Rac1 f4 36. Qh3 e4 37. Rc6 Rd6 38. Qc3 Qe7 39. Rxd6 Qxd6 40. Qc6
Rd8 41. Qxd6 Rxd6 42. Rd4 e3 43. fxe3 fxe3 44. Kf1 Kg8 45. Ke2 Kf7 46. Kxe3 Kf6
47. Ke4 Rd8 48. Rd2 Re8+ 49. Kd4 Rd8 50. Rf2+ Ke7 51. Re2+ Kd7 52. Re6 Rf8 53.
Rxb6 Rf4+ 54. Kc5 Rxh4 55. Rb7+ Kd8 56. Rxg7 Rb4 57. Rg3 h5 58. Rc3 Rg4 59. g3
Kd7 60. Kb5 Rd4 61. Kxa5 Rxd5+ 62. Ka4 Rd2 63. Ka3 Rd4 64. b4 h4 65. gxh4 Rxh4
66. Ka4 Rh8 67. b5 Ra8+ 68. Kb4 Ra2 69. b3 Ra1 70. b6 Ra8 71. Kb5 Rb8 72. Rc7+
Kd6 73. Rc3 Kd7 74. Rg3 Rf8 75. Rg7+ Kc8 76. Ra7 Kb8 77. Rc7 Rf5+ 78. Rc5 Rf8
79. Ka6 Rf3 80. b4 Ra3+ 81. Kb5 Rf3 82. Re5 Kb7 83. Re7+ Kb8 84. Re5 Kb7 85.
Rd5 Rf7 86. Rc5 Rf3 87. Rc7+ Kb8 88. Re7 Rf5+ 89. Ka6 Rf8 90. Rc7 Rf4 91. Ka5
Rf5+ 92. Rc5 Rf4 93. Rc6 Rf7 94. Rc5 Kb7 95. Kb5 Kb8 96. Rc6 Rf5+ 97. Ka6 Rf1
98. b7 Ra1+ 99. Kb6 Ra6+ 100. Kb5 Ra1 101. Ra6 Rf1 102. Rb6 Rf3 103. Re6 Kxb7
104. Re7+ Kb8 1/2-1/2

[Event "Pushchino autumn 2013"]
[Site "Pushchino"]
[Date "2013.11.25"]
[Round "2.2"]
[White "Belenkaya, Dina"]
[Black "Ubiennykh, Ekaterina"]
[Result "1-0"]
[WhiteElo "2227"]
[BlackElo "2340"]
[PlyCount "95"]
[EventDate "2013.11.24"]

1. e4 c6 2. d4 d5 3. exd5 cxd5 4. Bd3 Nc6 5. c3 Qc7 6. h3 e6 7. Nf3 Bd6 8. O-O
Nge7 9. Re1 f6 10. Na3 a6 11. c4 Bd7 12. Be3 Nb4 13. Bf1 dxc4 14. Nxc4 b5 15.
Nxd6+ Qxd6 16. Nd2 Rd8 17. a3 Nbd5 18. Qh5+ g6 19. Ne4 Qb6 20. Qf3 O-O 21. Nc5
Bc8 22. Bd3 Nxe3 23. Qxe3 e5 24. dxe5 Nd5 25. Qc1 fxe5 26. b4 Qf6 27. Ne4 Qh4
28. Qg5 Qxg5 29. Nxg5 Nxb4 30. axb4 Rxd3 31. Rxe5 Rd4 32. Rc1 Bd7 33. Re7 Rf5
34. Nf3 Rdd5 35. Rc7 Rf7 36. Re5 Rd1+ 37. Kh2 h6 38. Re3 Bf5 39. Rc6 Kg7 40.
Rxa6 Rb1 41. Ne5 Rc7 42. Nxg6 Rxb4 43. Ne7 Be4 44. Rg3+ Kh7 45. Ng8 Rg7 46. Ra7
Kxg8 47. Rgxg7+ Kf8 48. f3 1-0

[Event "Pushchino autumn 2013"]
[Site "Pushchino"]
[Date "2013.11.25"]
[Round "2.3"]
[White "Charochkina, Daria"]
[Black "Tarasova, Viktoriya"]
[Result "0-1"]
[WhiteElo "2337"]
[BlackElo "2286"]
[PlyCount "77"]
[EventDate "2013.11.24"]

1. c4 Nf6 2. Nc3 e5 3. g3 Bb4 4. Bg2 O-O 5. Nf3 Re8 6. O-O c6 7. d3 h6 8. e4
Bxc3 9. bxc3 d5 10. exd5 cxd5 11. cxd5 Nxd5 12. Qb3 Nb6 13. c4 Nc6 14. Bb2 Bg4
15. c5 Be6 16. Qb5 Nd7 17. Nd2 Rb8 18. Ba3 Nd4 19. Qa4 Qc7 20. Ne4 Red8 21. f4
f5 22. Nd6 Nxc5 23. Qxa7 Qxd6 24. Bxc5 Ne2+ 25. Kh1 Qxd3 26. fxe5 Bd5 27. Qa3
Bxg2+ 28. Kxg2 Nc3 29. Qb3+ Kh8 30. Rf3 Qe2+ 31. Bf2 Nd1 32. e6 Rd2 33. Qb6 Qe4
34. Rxd1 Rxd1 35. Qb3 Qe2 36. Re3 Qf1+ 37. Kf3 Rd2 38. Kf4 Qxf2+ 39. Ke5 0-1

[Event "Pushchino autumn 2013"]
[Site "Pushchino"]
[Date "2013.11.25"]
[Round "2.4"]
[White "Ovod, Evgenija"]
[Black "Mirzoeva, Elmira"]
[Result "1-0"]
[WhiteElo "2378"]
[BlackElo "2248"]
[PlyCount "111"]
[EventDate "2013.11.24"]

1. c4 e6 2. d4 d5 3. Nf3 Nf6 4. e3 c5 5. cxd5 exd5 6. Bb5+ Bd7 7. Bxd7+ Nbxd7
8. dxc5 Nxc5 9. O-O Be7 10. b3 O-O 11. Bb2 Nfe4 12. Na3 Rc8 13. Nc2 Ne6 14.
Ncd4 Bf6 15. Qd3 Qa5 16. h3 a6 17. Rfd1 Rc7 18. b4 Qa4 19. Nd2 Nxd4 20. Bxd4
Qxb4 21. Nxe4 dxe4 22. Qxe4 Rd7 23. Qf5 Rfd8 24. Rdb1 Qe7 25. Bxf6 Qxf6 26.
Qxf6 gxf6 27. a4 Rc8 28. Rb4 Rc5 29. Rab1 Ra5 30. Rg4+ Kf8 31. Rb6 Rd1+ 32. Kh2
Ra1 33. Rxf6 R1xa4 34. Rxa4 Rxa4 35. Rb6 Ra2 36. Kg3 a5 37. Rxb7 a4 38. f4 a3
39. Ra7 Ra1 40. e4 Ke8 41. e5 a2 42. Kg4 Kf8 43. Kf5 Kg7 44. Kg5 h6+ 45. Kf5
Kg8 46. g4 Kg7 47. h4 Kg8 48. g5 hxg5 49. hxg5 Kg7 50. Ra8 Kh7 51. e6 fxe6+ 52.
Kf6 Rg1 53. Rxa2 Rg4 54. f5 exf5 55. Ra7+ Kg8 56. g6 1-0

[Event "Pushchino autumn 2013"]
[Site "Pushchino"]
[Date "2013.11.25"]
[Round "2.5"]
[White "Baraeva, Irina"]
[Black "Baraeva, Marina"]
[Result "1/2-1/2"]
[WhiteElo "2211"]
[BlackElo "2136"]
[PlyCount "82"]
[EventDate "2013.11.24"]

1. c4 e5 2. Nc3 Nf6 3. g3 Nc6 4. Bg2 d6 5. Nf3 g6 6. O-O Bg7 7. d4 exd4 8. Nxd4
Bd7 9. Nxc6 Bxc6 10. Bg5 Bxg2 11. Kxg2 h6 12. Bxf6 Bxf6 13. Qc2 O-O 14. Rad1
Bxc3 15. Qxc3 Qe7 16. Qd3 Rfe8 17. e3 Qe4+ 18. Qxe4 Rxe4 19. b3 a5 20. Kf3 Re5
21. Rd4 Kg7 22. Rfd1 h5 23. h4 Kf6 24. Rd5 Rae8 25. Rxe5 Rxe5 26. e4 b6 27. Ke3
Re8 28. Kd4 Ke6 29. Re1 Ra8 30. a4 Rd8 31. Re3 Rf8 32. f4 f6 33. Re2 c5+ 34.
Kd3 Rg8 35. Re3 f5 36. e5 dxe5 37. Rxe5+ Kd6 38. Ke3 Kd7 39. Rd5+ Ke7 40. Re5+
Kd7 41. Rd5+ Ke7 1/2-1/2

[Event "Pushchino autumn 2013"]
[Site "Pushchino"]
[Date "2013.11.25"]
[Round "2.6"]
[White "Rodionova, Polina"]
[Black "Dyakonova, Ekaterina"]
[Result "1-0"]
[WhiteElo "2095"]
[BlackElo "1928"]
[PlyCount "91"]
[EventDate "2013.11.24"]

1. c4 Nf6 2. Nc3 g6 3. g3 Bg7 4. Bg2 c5 5. e3 O-O 6. Nge2 d6 7. O-O Nbd7 8. a3
Ne5 9. d3 Bf5 10. e4 Bd7 11. b4 Nc6 12. Rb1 Qc8 13. f4 cxb4 14. axb4 Nxb4 15.
Kh1 Nc6 16. Be3 Rb8 17. Qd2 Bh3 18. f5 Bxg2+ 19. Kxg2 Re8 20. h3 a6 21. g4 Ne5
22. g5 Nfd7 23. Nd5 Bf8 24. fxg6 hxg6 25. Ba7 Ra8 26. Bd4 e6 27. Nf6+ Nxf6 28.
gxf6 Rd8 29. Nc3 Rb8 30. Ba7 Ra8 31. Be3 Rb8 32. Rf4 Rd7 33. Rh4 Qd8 34. Rf1 b5
35. cxb5 axb5 36. Bh6 b4 37. Nd1 d5 38. Qg5 Nxd3 39. e5 b3 40. Ne3 Nxe5 41.
Bxf8 Qxf8 42. Qxe5 d4 43. Ng4 Qd6 44. Nh6+ Kf8 45. Nf5 Qc6+ 46. Kg1 1-0

[Event "Pushchino autumn 2013"]
[Site "Pushchino"]
[Date "2013.11.25"]
[Round "2.7"]
[White "Fomkina, Maria G"]
[Black "Azimova, Karina"]
[Result "0-1"]
[WhiteElo "1906"]
[BlackElo "2094"]
[PlyCount "106"]
[EventDate "2013.11.24"]

1. e4 e5 2. Nf3 d6 3. h3 Nf6 4. Nc3 Be7 5. Bc4 c6 6. O-O O-O 7. Re1 Nbd7 8. d4
exd4 9. Nxd4 Nb6 10. Bb3 Bd7 11. a3 Rc8 12. Bf4 d5 13. e5 Ne8 14. Bg3 c5 15.
Nf3 Be6 16. Ne2 Nc7 17. c3 Bf5 18. Bc2 Bxc2 19. Qxc2 Ne6 20. Rad1 Qd7 21. b3
Rfd8 22. Nf4 a5 23. c4 d4 24. a4 Nxf4 25. Bxf4 Na8 26. Qe4 Rc6 27. Rd3 Nc7 28.
Ng5 Bxg5 29. Bxg5 Re8 30. Bd2 b6 31. f4 Rce6 32. Rg3 Kh8 33. Qf3 f6 34. Qg4
fxe5 35. fxe5 R6e7 36. Qxd7 Rxd7 37. Rf3 h6 38. Bf4 Ne6 39. h4 d3 40. Be3 Nd4
41. Bxd4 d2 42. Rd1 Rxd4 43. Re3 Kg8 44. Kf2 Kf7 45. g3 Ke6 46. Ke2 Red8 47. h5
R8d7 48. Kf3 Rd3 49. Rxd3 Rxd3+ 50. Ke4 Rd4+ 51. Ke3 Kxe5 52. Kf3 Kf5 53. g4+
Kg5 0-1

[Event "Pushchino autumn 2013"]
[Site "Pushchino"]
[Date "2013.11.25"]
[Round "2.8"]
[White "Zherebtsova, Alexandra"]
[Black "Usacheva, Glafira"]
[Result "1-0"]
[WhiteElo "2081"]
[BlackElo "1528"]
[PlyCount "41"]
[EventDate "2013.11.24"]

1. f4 c5 2. Nf3 Nc6 3. g3 g6 4. Bg2 Bg7 5. O-O d6 6. d3 e6 7. c3 Nge7 8. e4 O-O
9. Be3 Bd7 10. Nbd2 Rc8 11. g4 f5 12. gxf5 exf5 13. Qb3+ Kh8 14. Ng5 Qe8 15.
Nc4 Rf6 16. e5 dxe5 17. fxe5 Nxe5 18. Nxe5 h6 19. Nef7+ Rxf7 20. Nxf7+ Kh7 21.
Nd6 1-0

[Event "Pushchino autumn 2013"]
[Site "Pushchino"]
[Date "2013.11.24"]
[Round "1.1"]
[White "Guseva, Marina"]
[Black "Baraeva, Irina"]
[Result "1-0"]
[WhiteElo "2399"]
[BlackElo "2211"]
[PlyCount "87"]
[EventDate "2013.11.24"]

1. d4 d5 2. c4 c6 3. Nc3 Nf6 4. e3 g6 5. Bd3 Bg7 6. Nf3 O-O 7. O-O Bg4 8. h3
Bxf3 9. Qxf3 e6 10. Rd1 Nbd7 11. b3 Re8 12. Bb2 Qe7 13. Bf1 Rad8 14. Rac1 dxc4
15. bxc4 e5 16. Rb1 Nb6 17. Ba1 exd4 18. exd4 Rd7 19. a4 Qa3 20. Bb2 Qb4 21. a5
Qxa5 22. Ra1 Qh5 23. g4 Qh4 24. Rxa7 h5 25. c5 Nc8 26. Ra4 hxg4 27. hxg4 Nxg4
28. Bh3 f5 29. d5 Bxc3 30. Bxc3 Ne5 31. Bxe5 Qxa4 32. Ra1 Qb5 33. Qg3 Kf8 34.
Qxg6 Rf7 35. Qh6+ Ke7 36. Re1 Rg8+ 37. Bg3+ Kd8 38. Qh4+ Ne7 39. d6 Qxc5 40.
dxe7+ Rxe7 41. Kh2 Rgg7 42. Re5 Qc1 43. Qh8+ Kd7 44. Bxf5+ 1-0

[Event "Pushchino autumn 2013"]
[Site "Pushchino"]
[Date "2013.11.24"]
[Round "1.2"]
[White "Baraeva, Marina"]
[Black "Ovod, Evgenija"]
[Result "1/2-1/2"]
[WhiteElo "2136"]
[BlackElo "2378"]
[PlyCount "105"]
[EventDate "2013.11.24"]

1. d4 e6 2. c4 b6 3. a3 Bb7 4. Nc3 f5 5. Nf3 Nf6 6. g3 Ne4 7. Qd3 c5 8. d5 Nxc3
9. bxc3 Be7 10. Bg2 O-O 11. O-O d6 12. e4 fxe4 13. Qxe4 exd5 14. cxd5 Bf6 15.
Qc2 Na6 16. h4 Nc7 17. Ng5 Bxg5 18. Bxg5 Qd7 19. Rad1 Rae8 20. a4 h6 21. Bf4
Rf6 22. c4 Na6 23. Rde1 Nb4 24. Qb3 Bc8 25. Bd2 Rxe1 26. Rxe1 a5 27. Be4 Qf7
28. Qe3 Bf5 29. Bxf5 Rxf5 30. Qe8+ Qxe8 31. Rxe8+ Rf8 32. Re6 Rd8 33. Bf4 Nd3
34. Bxd6 Nb2 35. Bc7 Rd7 36. Bxb6 Nxc4 37. Bxc5 Rxd5 38. Re8+ Kf7 39. Re7+ Kg8
40. Be3 Nxe3 41. fxe3 Rd1+ 42. Kf2 Ra1 43. Re4 Kf7 44. Kf3 g6 45. Kg4 Kf6 46.
Rc4 h5+ 47. Kf4 Rf1+ 48. Ke4 Rg1 49. Rc6+ Kg7 50. Kf4 Rf1+ 51. Ke4 Rg1 52. Kf3
Rf1+ 53. Ke4 1/2-1/2

[Event "Pushchino autumn 2013"]
[Site "Pushchino"]
[Date "2013.11.24"]
[Round "1.3"]
[White "Ubiennykh, Ekaterina"]
[Black "Rodionova, Polina"]
[Result "1-0"]
[WhiteElo "2340"]
[BlackElo "2095"]
[PlyCount "81"]
[EventDate "2013.11.24"]

1. d4 Nf6 2. c4 g6 3. Nc3 Bg7 4. e4 d6 5. Nf3 O-O 6. Be2 e5 7. O-O Nc6 8. d5
Ne7 9. Ne1 Nd7 10. f3 f5 11. g4 Kh8 12. Nd3 c6 13. Be3 Nf6 14. h3 b5 15. Nb4 c5
16. Nc6 Nxc6 17. dxc6 b4 18. Nb5 Ne8 19. a3 bxa3 20. Rxa3 a6 21. Qd2 Rb8 22. c7
Nxc7 23. Nxd6 Ne6 24. exf5 Nd4 25. Nxc8 Qxc8 26. Bxd4 exd4 27. Bd3 gxf5 28.
Bxf5 Rxf5 29. gxf5 Qxf5 30. f4 Re8 31. Rg3 Bf6 32. Qd3 Qh5 33. Kh1 Bh4 34. Rgf3
Qf7 35. f5 Qf6 36. Qd2 Bg5 37. Qg2 Be3 38. Rg3 Rf8 39. Qd5 Qe7 40. f6 Qc7 41.
Qg2 1-0

[Event "Pushchino autumn 2013"]
[Site "Pushchino"]
[Date "2013.11.24"]
[Round "1.4"]
[White "Azimova, Karina"]
[Black "Charochkina, Daria"]
[Result "0-1"]
[WhiteElo "2094"]
[BlackElo "2337"]
[PlyCount "58"]
[EventDate "2013.11.24"]

1. e4 c5 2. Nf3 g6 3. d4 cxd4 4. Qxd4 Nf6 5. Nc3 Nc6 6. Qd1 Bg7 7. Bc4 O-O 8.
O-O d6 9. Re1 Bg4 10. h3 Ne5 11. Be2 Bxf3 12. Bxf3 Rc8 13. Be3 Nxf3+ 14. Qxf3
Nd7 15. Bf4 Bxc3 16. bxc3 Qa5 17. e5 dxe5 18. Bh6 Rfd8 19. Qxb7 Rc7 20. Qb4
Qxb4 21. cxb4 Rxc2 22. Rad1 f6 23. f4 Rcc8 24. Rd5 Kf7 25. Ra5 Rc4 26. fxe5
Nxe5 27. Rxa7 Rxb4 28. Be3 Re4 29. Rc7 Ke8 0-1